000 00553nam a22001937a 4500
003 MPLRDC
005 20220104200520.0
008 210129b ||||| |||| 00| 0 eng d
020 _a978-957-33-3253-4
082 _a861.57 DYGW-23
100 _a东野圭吾 KEIGO HIGASHINO
245 _a平行世界的爱情故事
_c王蕴洁
250 _a初版一刷
260 _a台湾
_b皇冠文化出版有限公司
_c2016
300 _b
490 _a东野圭吾作品集: 24
650 _a日本文学--长篇小说
942 _cBK
_o861.57 DYGW-23
999 _c66740
_d66730